Vista normal Vista MARC

Entrada Geographic Name

Número de registros utilizados en: 1

001 - CONTROL NUMBER

  • control field: 11662

003 - CONTROL NUMBER IDENTIFIER

  • control field: OSt

005 - DATE AND TIME OF LATEST TRANSACTION

  • control field: 20201016214854.0

008 - FIXED-LENGTH DATA ELEMENTS

  • fixed length control field: 201016|| aca||aabn | a|a d

040 ## - CATALOGING SOURCE

  • Original cataloging agency: OSt
  • Transcribing agency: OSt

151 ## - HEADING--GEOGRAPHIC NAME

  • Geographic name: Colombia
  • Form subdivision: fuentes
  • General subdivision: historia
  • Chronological subdivision: 1822-1832

670 ## - SOURCE DATA FOUND

  • Source citation: Work cat.: (OSt)6273: 11596, Congreso de 1823 : , 1926